[Event "7. Lovsprings EMT Basis 1 1995"]
[Site "Ringsted"]
[Date "1995.04.28"]
[Round "5"]
[White "Jensen, Agner"]
[Black "Birk, Birger"]
[Result "1-0"]
[WhiteElo "1706"]
[BlackElo "1717"]
[PlyCount "115"]
[EventDate "1995.??.??"]

1. e4 d6 2. d4 Nf6 3. Nc3 g6 4. f4 Bg7 5. Nf3 O-O 6. h3 Na6 7. Be3 c5 8. Bxa6
bxa6 9. dxc5 Qa5 10. O-O dxc5 11. e5 Rd8 12. Qe2 Ne8 13. Qf2 Qb4 14. Rab1 e6
15. a3 Qb7 16. Bxc5 Nc7 17. Rfd1 Nd5 18. Nxd5 exd5 19. Qd4 Bf5 20. Rd2 Rac8 21.
Rbd1 Rc6 22. b4 h6 23. Qf2 Be4 24. c4 Re6 25. Bxa7 f6 26. cxd5 Rxd5 27. Rxd5
Bxd5 28. exf6 Rxf6 29. Be3 Rf8 30. Nd4 Re8 31. Ne2 Bc4 32. Ng3 Qe7 33. Bc5 Qe6
34. Rd6 Qf7 35. f5 g5 36. Qd2 Qe7 37. Re6 Qf7 38. Rxe8+ Qxe8 39. Qe3 Qxe3+ 40.
Bxe3 Bb2 41. a4 Bb3 42. a5 Bc4 43. Kf2 Kf7 44. Ne4 Bd3 45. Kf3 Be5 46. Bd2 Bf1
47. Be3 Bb5 48. h4 g4+ 49. Kxg4 Be2+ 50. Kh3 Bd3 51. Ng3 Bxg3 52. Kxg3 h5 53.
Kf4 Be2 54. Kg5 Bf1 55. Kxh5 Bxg2 56. Kg5 Bd5 57. h5 Be4 58. Bd4 1-0

[Event "7. Lovsprings EMT Basis 1 1995"]
[Site "Ringsted"]
[Date "1995.04.28"]
[Round "5"]
[White "Jorgensen, Gert"]
[Black "Alstrup, Thomas"]
[Result "1-0"]
[WhiteElo "1866"]
[BlackElo "1711"]
[PlyCount "61"]
[EventDate "1995.??.??"]

1. e4 d6 2. d4 Nf6 3. f3 c6 4. Nc3 a6 5. a4 g6 6. Bg5 Bg7 7. Bc4 d5 8. Bb3 dxe4
9. fxe4 Qa5 10. Qd2 e5 11. dxe5 Qxe5 12. Nf3 Qc7 13. O-O-O O-O 14. Bh6 Nbd7 15.
Bxg7 Kxg7 16. Ng5 Ne5 17. Rdf1 Qe7 18. h3 h6 19. Nf3 Nxf3 20. Rxf3 Rd8 21. Qe3
Be6 22. Rhf1 Ng8 23. Rxf7+ Bxf7 24. Rxf7+ Qxf7 25. Bxf7 Kxf7 26. Qf4+ Ke7 27.
Qe5+ Kf8 28. Qc7 Rab8 29. e5 Ne7 30. e6 Rdc8 31. Qf4+ 1-0

[Event "7. Lovsprings EMT Basis 1 1995"]
[Site "Ringsted"]
[Date "1995.04.28"]
[Round "5"]
[White "Lindskov, Villy"]
[Black "Hansen, Morten Lyck"]
[Result "1/2-1/2"]
[WhiteElo "1760"]
[BlackElo "1784"]
[PlyCount "132"]
[EventDate "1995.??.??"]

1. e4 d5 2. exd5 Qxd5 3. Nc3 Qa5 4. d4 Nf6 5. Nf3 Bf5 6. Bc4 e6 7. Bd2 Bb4 8.
a3 Bxc3 9. Bxc3 Qb6 10. O-O O-O 11. Bd3 Bxd3 12. Qxd3 Nbd7 13. Bb4 Rfe8 14. c4
c6 15. Bd6 c5 16. dxc5 Nxc5 17. Bxc5 Qxc5 18. b4 Qc7 19. Rfd1 Rad8 20. Qe2
Rxd1+ 21. Rxd1 Rd8 22. Rxd8+ Qxd8 23. h3 h6 24. Kf1 Nh5 25. g3 Qf6 26. Qe3 b6
27. Kg2 Qd8 28. Qe4 Qc8 29. Ne5 Nf6 30. Qc6 Qb8 31. Nf3 e5 32. Nd2 Qd8 33. Ne4
Nxe4 34. Qxe4 Qc7 35. Qd5 Kf8 36. Kf3 f5 37. Ke3 Qe7 38. h4 f4+ 39. Ke4 fxg3
40. fxg3 Qc7 41. c5 Qc8 42. Qxe5 Qc6+ 43. Kd4 Qa4 44. Qd6+ Kg8 45. c6 Qd1+ 46.
Ke5 Qe2+ 47. Kf5 Qf3+ 48. Ke6 Qf7+ 49. Ke5 Qh5+ 50. Kf4 Qf7+ 51. Ke4 Qc4+ 52.
Ke5 Qe2+ 53. Kf5 Qf3+ 54. Ke6 Qf7+ 55. Ke5 Qh5+ 56. Ke4 Qe2+ 57. Kf4 Qf2+ 58.
Kg4 Qe2+ 59. Kf5 Qf3+ 60. Ke6 Qf7+ 61. Ke5 Qh5+ 62. Kf4 Qf7+ 63. Ke3 Qb3+ 64.
Kd2 Qb2+ 65. Kd1 Qb1+ 66. Kd2 Qb2+ 1/2-1/2

[Event "7. Lovsprings EMT Basis 1 1995"]
[Site "Ringsted"]
[Date "1995.04.28"]
[Round "5"]
[White "Olsen, Morten Henrik"]
[Black "Jorgensen, Lars"]
[Result "1-0"]
[WhiteElo "1749"]
[BlackElo "1789"]
[PlyCount "87"]
[EventDate "1995.??.??"]

1. e4 c5 2. Nf3 e6 3. d4 cxd4 4. Nxd4 Nf6 5. Nc3 Bb4 6. Bd2 Nc6 7. Nxc6 dxc6 8.
e5 Nd5 9. Nxd5 Bxd2+ 10. Qxd2 exd5 11. O-O-O O-O 12. h3 Bf5 13. Be2 a5 14. g4
Bd7 15. c4 Be6 16. Qe3 Qe7 17. c5 a4 18. Kb1 a3 19. b3 Ra5 20. Rc1 d4 21. Qxd4
Rd8 22. Qc3 Qc7 23. Rhd1 Bd5 24. f4 b6 25. cxb6 Qxb6 26. Bf3 Qf2 27. Rc2 Qb6
28. Rxd5 cxd5 29. Qc7 Qxc7 30. Rxc7 d4 31. Kc2 Rb5 32. Kd3 Rbb8 33. Rc4 Rbc8
34. Be4 Rxc4 35. bxc4 Kf8 36. Bd5 Rb8 37. c5 Ke7 38. Kxd4 f6 39. c6 Rb2 40. Kc5
fxe5 41. fxe5 Re2 42. e6 Rb2 43. c7 Rc2+ 44. Bc4 1-0

[Event "7. Lovsprings EMT Basis 1 1995"]
[Site "Ringsted"]
[Date "1995.04.28"]
[Round "5"]
[White "Rasmussen, Henning"]
[Black "Jensen, Karsten"]
[Result "1-0"]
[WhiteElo "1765"]
[BlackElo "1792"]
[PlyCount "42"]
[EventDate "1995.??.??"]

1. e4 c5 2. d4 cxd4 3. c3 dxc3 4. Nxc3 Nc6 5. Bc4 g6 6. Nf3 Bg7 7. O-O Ne5 8.
Nxe5 Bxe5 9. Qd5 Bxh2+ 10. Kxh2 e6 11. Qd4 f6 12. Nb5 d5 13. exd5 a6 14. Nc3 e5
15. Qh4 h5 16. f4 Qc7 17. fxe5 Bg4 18. Bb3 fxe5 19. d6 Qxd6 20. Bf7+ Kd7 21.
Bg5 Qc6 1-0

[Event "7. Lovsprings EMT Basis 1 1995"]
[Site "Ringsted"]
[Date "1995.05.05"]
[Round "6"]
[White "Bruun, Erling"]
[Black "Rasmussen, Henning"]
[Result "1-0"]
[WhiteElo "1859"]
[BlackElo "1765"]
[PlyCount "67"]
[EventDate "1995.??.??"]

1. e4 d5 2. Nc3 e6 3. e5 c5 4. d3 Nc6 5. Nf3 f6 6. Bf4 fxe5 7. Nxe5 Nxe5 8.
Bxe5 Nf6 9. f4 Bd6 10. g3 O-O 11. Qe2 Bxe5 12. fxe5 Nd7 13. Bh3 Nb8 14. O-O-O
Nc6 15. Rhf1 Qg5+ 16. Kb1 Rxf1 17. Rxf1 Qe7 18. Nb5 Bd7 19. Nd6 Rf8 20. Rxf8+
Qxf8 21. Nxb7 Nd4 22. Qf1 Qxf1+ 23. Bxf1 Nf3 24. Nxc5 Nd2+ 25. Kc1 Nxf1 26.
Nxd7 Nxh2 27. c4 dxc4 28. dxc4 Nf1 29. c5 Kf7 30. c6 Ke7 31. b4 Nxg3 32. Nc5
Ne2+ 33. Kd2 Nd4 34. c7 1-0

[Event "7. Lovsprings EMT Basis 1 1995"]
[Site "Ringsted"]
[Date "1995.05.05"]
[Round "6"]
[White "Hansen, Morten Lyck"]
[Black "Alstrup, Thomas"]
[Result "1-0"]
[WhiteElo "1784"]
[BlackElo "1711"]
[PlyCount "91"]
[EventDate "1995.??.??"]

1. e4 d6 2. d4 Nf6 3. Nc3 Bg4 4. Be2 Bxe2 5. Qxe2 c6 6. Nf3 e6 7. Bg5 Be7 8.
O-O d5 9. exd5 Nxd5 10. Nxd5 cxd5 11. Bxe7 Qxe7 12. Ne5 O-O 13. f4 Nd7 14. Nxd7
Qxd7 15. Rf3 Rac8 16. Rh3 g6 17. Qf2 Qe7 18. Re1 Qf6 19. c3 Kg7 20. Re5 Rh8 21.
g4 Rcg8 22. g5 Qd8 23. Qh4 Kf8 24. Qe1 h6 25. gxh6 Qf6 26. Qh4 Ke7 27. Qg5
Qxg5+ 28. fxg5 Rh7 29. Rhe3 Kd6 30. h4 Re8 31. Rf3 b5 32. Kg2 a6 33. Kg3 Rf8
34. Rf6 Ke7 35. Kg4 Rxh6 36. Rfxe6+ fxe6 37. gxh6 Rf5 38. h7 Rf8 39. Kg5 Kf7
40. Kh6 Kf6 41. Re2 Ke7 42. Rg2 Rf4 43. Rxg6 Rxh4+ 44. Kg7 Rf4 45. h8=Q Rf7+
46. Kh6 1-0

[Event "7. Lovsprings EMT Basis 1 1995"]
[Site "Ringsted"]
[Date "1995.05.05"]
[Round "6"]
[White "Holst, Peter Stein"]
[Black "Sorensen, Rasmus Moller"]
[Result "1/2-1/2"]
[WhiteElo "1806"]
[BlackElo "1738"]
[PlyCount "56"]
[EventDate "1995.??.??"]

1. e4 e5 2. d4 exd4 3. Qxd4 Nc6 4. Qe3 g6 5. Nc3 Nge7 6. Bd2 Bg7 7. Bc4 O-O 8.
O-O-O Re8 9. Qg3 d6 10. h4 Na5 11. Be2 h6 12. h5 g5 13. f4 f6 14. Nh3 Bxh3 15.
gxh3 Kh8 16. fxg5 fxg5 17. h4 gxh4 18. Qxh4 Nec6 19. Qg3 Ne5 20. Rhg1 Rg8 21.
Rdf1 c6 22. Kb1 Nec4 23. Bxc4 Nxc4 24. Bc1 Qb6 25. Qd3 Ne5 26. Qxd6 Nc4 27. Qe6
Na3+ 28. Ka1 Nxc2+ 1/2-1/2

[Event "7. Lovsprings EMT Basis 1 1995"]
[Site "Ringsted"]
[Date "1995.05.05"]
[Round "6"]
[White "Jensen, Agner"]
[Black "Haar, Bjarne"]
[Result "0-1"]
[WhiteElo "1706"]
[BlackElo "1844"]
[PlyCount "82"]
[EventDate "1995.??.??"]

1. e4 d6 2. d4 Nf6 3. Nc3 g6 4. Nf3 Bg7 5. Bd3 O-O 6. O-O e6 7. Bg5 h6 8. Bh4
Qe8 9. Qd2 Kh7 10. h3 e5 11. d5 Nh5 12. Ne2 f5 13. exf5 gxf5 14. Bc4 Nd7 15.
Rae1 Qf7 16. Nh2 Rg8 17. c3 Nf8 18. f3 Ng6 19. Bf2 Bf6 20. Kh1 Bg5 21. Qd1 Ngf4
22. g4 Nxe2 23. gxh5 Nf4 24. h4 Bf6 25. Rg1 Nh3 26. Re2 Nxg1 27. Bxg1 Bxh4 28.
f4 e4 29. Rc2 Bd7 30. Bf1 Be8 31. Be2 Qg7 32. Qf1 Bg3 33. Bd4 Qe7 34. Be3 Qh4
35. Bd1 Bxh5 36. Bxh5 Qxh5 37. Rg2 Rg6 38. Bg1 Rag8 39. Be3 Bxf4 40. Qxf4 Rxg2
41. Qxf5+ Qxf5 0-1

[Event "7. Lovsprings EMT Basis 1 1995"]
[Site "Ringsted"]
[Date "1995.05.05"]
[Round "6"]
[White "Jensen, Karsten"]
[Black "Jorgensen, Gert"]
[Result "0-1"]
[WhiteElo "1792"]
[BlackElo "1866"]
[PlyCount "52"]
[EventDate "1995.??.??"]

1. d4 Nf6 2. c4 g6 3. Nf3 Bg7 4. Nc3 d6 5. h3 O-O 6. e4 c6 7. Be3 Nbd7 8. Qd2
Qa5 9. a3 e5 10. b4 Qc7 11. d5 c5 12. Bd3 a6 13. O-O Nh5 14. Rfc1 f5 15. exf5
gxf5 16. Bh6 e4 17. Bxg7 Nxg7 18. Nxe4 fxe4 19. Bxe4 Nf6 20. Bb1 Ngh5 21. Ng5
Qg7 22. bxc5 dxc5 23. Kh2 Ne8 24. Bxh7+ Kh8 25. Re1 Nf4 26. Qxf4 Rxf4 0-1

[Event "7. Lovsprings EMT Basis 1 1995"]
[Site "Ringsted"]
[Date "1995.05.05"]
[Round "6"]
[White "Jorgensen, Lars"]
[Black "Lindskov, Villy"]
[Result "0-1"]
[WhiteElo "1789"]
[BlackElo "1760"]
[PlyCount "88"]
[EventDate "1995.??.??"]

1. d4 Nf6 2. f3 d6 3. e4 g6 4. c4 c6 5. Nc3 Bg7 6. Be3 Nbd7 7. Bd3 O-O 8. Qd2
a6 9. g4 b5 10. h4 h5 11. gxh5 Nxh5 12. Nge2 bxc4 13. Bxc4 e5 14. d5 c5 15. Bg5
Qe8 16. O-O-O Nb6 17. Bb3 a5 18. Rdg1 a4 19. Bd1 Bd7 20. Ng3 Kh7 21. Nxh5 gxh5
22. Rg2 f6 23. f4 a3 24. b3 c4 25. f5 cxb3 26. Bxb3 Ba4 27. Nxa4 Nxa4 28. Be3
Rc8+ 29. Kd1 Nc3+ 30. Ke1 Qb5 31. Rhg1 Rf7 32. Rg6 Qb4 33. Bh6 Qxe4+ 34. Be3
Qxh4+ 35. Bf2 Qe4+ 36. Kf1 Qxf5 37. Bc2 e4 38. R6g3 Bh6 39. Qd4 Qe5 40. Qb4 f5
41. Bd4 Qf4+ 42. Kg2 Ne2 43. Bf2 Nxg3 44. Bxg3 Rxc2+ 0-1

[Event "7. Lovsprings EMT Basis 1 1995"]
[Site "Ringsted"]
[Date "1995.05.05"]
[Round "6"]
[White "Kronow, Jacob"]
[Black "Birk, Birger"]
[Result "1-0"]
[WhiteElo "1752"]
[BlackElo "1717"]
[PlyCount "60"]
[EventDate "1995.??.??"]

1. d4 Nf6 2. c4 g6 3. Nc3 Bg7 4. e4 d6 5. Nf3 c5 6. d5 b5 7. cxb5 a6 8. Bd3 O-O
9. O-O axb5 10. Bxb5 Ba6 11. Bxa6 Nxa6 12. Qe2 Qb6 13. Bg5 Rfb8 14. Rab1 Qb4
15. e5 dxe5 16. Nxe5 Qb7 17. Nc6 Re8 18. Rfe1 h6 19. Bxf6 Bxf6 20. Ne4 Bg7 21.
Qe3 Nb4 22. Nxc5 Nxd5 23. Nxb7 Nxe3 24. Rxe3 Rxa2 25. Nxe7+ Kf8 26. Rbe1 Rxb2
27. Nxg6+ fxg6 28. Rxe8+ Kf7 29. Nd6+ Kf6 30. R8e6+ Kg5 1-0

[Event "7. Lovsprings EMT Basis 1 1995"]
[Site "Ringsted"]
[Date "1995.05.05"]
[Round "6"]
[White "Larsen, Bjorn"]
[Black "Askgaard, Jens"]
[Result "0-1"]
[WhiteElo "1881"]
[BlackElo "1885"]
[PlyCount "63"]
[EventDate "1995.??.??"]

1. d4 d5 2. Nc3 Nf6 3. e4 e6 4. Bg5 Bb4 5. e5 h6 6. Bd2 Bxc3 7. bxc3 Ne4 8. Bd3
Nxd2 9. Qxd2 c5 10. Nf3 Nc6 11. O-O Qa5 12. dxc5 Qxc5 13. Rfe1 Bd7 14. Rab1 b6
15. Qf4 Qxc3 16. Re3 Qc5 17. c3 Rc8 18. Nd4 Nxd4 19. cxd4 Qf8 20. h4 g6 21. a4
Bxa4 22. Ra1 b5 23. Qf6 Kd7 24. Bxb5+ Bxb5 25. Rxa7+ Rc7 26. Rea3 Bc6 27. Qf3
Qe7 28. Qb3 Rhc8 29. Qb6 Ke8 30. R7a6 Rb7 31. Qxc6+ Rxc6 32. Ra8+ 0-1

[Event "7. Lovsprings EMT Basis 1 1995"]
[Site "Ringsted"]
[Date "1995.05.05"]
[Round "6"]
[White "Olsen, Morten Henrik"]
[Black "Hansen, Jens Hjort"]
[Result "1/2-1/2"]
[WhiteElo "1749"]
[BlackElo "1844"]
[PlyCount "140"]
[EventDate "1995.??.??"]

1. e4 c5 2. Nf3 d6 3. d4 cxd4 4. Nxd4 Nf6 5. Nc3 a6 6. Bc4 e6 7. Bg5 Be7 8. f4
Qc7 9. Bb3 b5 10. f5 b4 11. Bxf6 Bxf6 12. Nce2 Qe7 13. Qd2 O-O 14. fxe6 Bxe6
15. Nxe6 fxe6 16. Rd1 Be5 17. Qxb4 Nd7 18. Qd2 Nc5 19. Qe3 Qh4+ 20. g3 Qh3 21.
Rg1 Rf6 22. Nd4 Raf8 23. Bc4 Qxh2 24. Rd2 Qh3 25. b4 Bf4 26. Qxf4 Rxf4 27. gxf4
Qe3+ 28. Ne2 Nxe4 29. Bxe6+ Kh8 30. Rd3 Qf2+ 31. Kd1 Rxf4 32. Re1 Rf3 33. Bh3
Rxd3+ 34. cxd3 Nf6 35. Be6 h6 36. a3 Ng4 37. Bxg4 g5 38. Bh3 Qe3 39. Bf5 Kg7
40. Rf1 h5 41. Be4 d5 42. Rf3 Qb6 43. Bxd5 Qd6 44. Be4 h4 45. Rf5 Qh6 46. Nd4
Kh8 47. Rf7 Qh5+ 48. Rf3 h3 49. Kc2 Qg4 50. Rf6 Kg7 51. Rxa6 h2 52. Rg6+ Kf7
53. Rh6 Qg1 54. Nf3 g4 55. Nxh2 g3 56. Ng4 g2 57. Rf6+ Ke7 58. Rf2 Qxf2+ 59.
Nxf2 g1=Q 60. Nd1 Qd4 61. Nc3 Kd8 62. Kb3 Kc8 63. a4 Kb8 64. a5 Qe5 65. b5 Qd4
66. a6 Ka7 67. Nd5 Qa1 68. Kc4 Qa2+ 69. Kc5 Qf2+ 70. Kc6 Qc2+ 1/2-1/2

[Event "7. Lovsprings EMT Basis 1 1995"]
[Site "Ringsted"]
[Date "1995.05.19"]
[Round "7"]
[White "Haar, Bjarne"]
[Black "Askgaard, Jens"]
[Result "0-1"]
[WhiteElo "1844"]
[BlackElo "1885"]
[PlyCount "72"]
[EventDate "1995.??.??"]

1. c4 c6 2. d4 d5 3. e3 Nf6 4. Nc3 a6 5. b3 Bf5 6. Bd3 e6 7. a3 Bd6 8. Bxf5
exf5 9. cxd5 cxd5 10. Qf3 g6 11. Nge2 Nc6 12. O-O O-O 13. Nf4 Ne7 14. g3 Bc7
15. Bb2 Ne4 16. Rfc1 Rc8 17. Rc2 Bxf4 18. Qxf4 Nxc3 19. Rxc3 Rxc3 20. Bxc3 Nc6
21. Qf3 Qd6 22. h4 h5 23. a4 Qe6 24. b4 Rc8 25. Qe2 Na7 26. Bd2 Rc4 27. f3 Rxd4
28. b5 Rc4 29. Rb1 Rxa4 30. bxa6 b5 31. Bc3 Rc4 32. Qd2 Qxa6 33. Ra1 Qb7 34.
Rd1 Qc7 35. Ba1 Qxg3+ 36. Qg2 Qxh4 0-1

[Event "7. Lovsprings EMT Basis 1 1995"]
[Site "Ringsted"]
[Date "1995.05.19"]
[Round "7"]
[White "Jorgensen, Gert"]
[Black "Bruun, Erling"]
[Result "1/2-1/2"]
[WhiteElo "1866"]
[BlackElo "1859"]
[PlyCount "60"]
[EventDate "1995.??.??"]

1. d4 g6 2. Nf3 Bg7 3. e4 d6 4. c3 Nf6 5. Bd3 Nbd7 6. Bf4 O-O 7. O-O Re8 8. e5
Nh5 9. Qd2 Nxf4 10. Qxf4 dxe5 11. dxe5 Nxe5 12. Nxe5 Bxe5 13. Qxe5 Qxd3 14.
Qxc7 Qc2 15. Qa5 Qxb2 16. Na3 b6 17. Qa4 Bf5 18. c4 Red8 19. Nb5 Rd7 20. Qb3
Qxb3 21. axb3 Bc2 22. Ra3 Rad8 23. Nxa7 Ra8 24. Rfa1 Bxb3 25. Rxb3 Rdxa7 26.
Rab1 Ra4 27. Rxb6 Rxc4 28. Rb7 Rac8 29. Rxe7 Rc1+ 30. Re1 Rxb1 1/2-1/2

[Event "7. Lovsprings EMT Basis 1 1995"]
[Site "Ringsted"]
[Date "1995.05.19"]
[Round "7"]
[White "Jorgensen, Lars"]
[Black "Alstrup, Thomas"]
[Result "1-0"]
[WhiteElo "1789"]
[BlackElo "1711"]
[PlyCount "69"]
[EventDate "1995.??.??"]

1. d4 Nf6 2. Nc3 d5 3. e4 dxe4 4. f3 exf3 5. Qxf3 e6 6. Be3 Bb4 7. Bc4 c6 8.
Nge2 Nd5 9. O-O O-O 10. Nxd5 exd5 11. Bd3 Qe7 12. Ng3 Bd6 13. Rae1 Qh4 14. Bf2
Bg4 15. Qe3 Qf6 16. h3 Be6 17. Nh5 Qd8 18. Bg3 Be7 19. Qe5 Bf6 20. Nxf6+ gxf6
21. Qh5 f5 22. Bxf5 Bxf5 23. Rxf5 f6 24. Bh4 Nd7 25. Qh6 Rf7 26. Re6 Qf8 27.
Qf4 Qg7 28. Bxf6 Rxf6 29. Rexf6 Kh8 30. Rf7 Qg6 31. Rxd7 h6 32. Qe5+ Kg8 33.
Rf6 Qg5 34. Qe6+ Kh8 35. Rxh6+ 1-0

[Event "7. Lovsprings EMT Basis 1 1995"]
[Site "Ringsted"]
[Date "1995.05.19"]
[Round "7"]
[White "Kronow, Jacob"]
[Black "Hansen, Jens Hjort"]
[Result "1/2-1/2"]
[WhiteElo "1752"]
[BlackElo "1844"]
[PlyCount "83"]
[EventDate "1995.??.??"]

1. d4 Nf6 2. c4 g6 3. Nc3 d5 4. cxd5 Nxd5 5. e4 Nxc3 6. bxc3 Bg7 7. Bc4 c5 8.
Ne2 Nc6 9. Be3 O-O 10. O-O Qc7 11. Qc1 Rd8 12. Rd1 Na5 13. Bd3 b6 14. Qa3 Be6
15. Bf4 Qc8 16. dxc5 Nc4 17. Bxc4 Bxc4 18. Ng3 Qg4 19. Bd2 Be5 20. f3 Qh4 21.
Be1 Qh6 22. cxb6 Bd6 23. Qb2 Bc5+ 24. Bf2 axb6 25. Bxc5 bxc5 26. Qf2 Qg5 27.
Nf1 Rxd1 28. Rxd1 Rxa2 29. Qg3 Qf6 30. Qb8+ Kg7 31. Ne3 Qxc3 32. Nxc4 Qxc4 33.
Qe5+ Kh6 34. h4 Rxg2+ 35. Kxg2 Qc2+ 36. Kg3 Qxd1 37. Qg5+ Kg7 38. Qe5+ Kg8 39.
Qb8+ Kg7 40. Qe5+ Kg8 41. Qb8+ Kg7 42. Qe5+ 1/2-1/2

[Event "7. Lovsprings EMT Basis 1 1995"]
[Site "Ringsted"]
[Date "1995.05.19"]
[Round "7"]
[White "Lindskov, Villy"]
[Black "Holst, Peter Stein"]
[Result "1/2-1/2"]
[WhiteElo "1760"]
[BlackElo "1806"]
[PlyCount "52"]
[EventDate "1995.??.??"]

1. e4 c6 2. d4 d5 3. e5 Bf5 4. g4 Be4 5. f3 Bg6 6. h4 h5 7. g5 e6 8. Bd3 Bxd3
9. Qxd3 Ne7 10. Ne2 g6 11. c3 Nf5 12. b3 Qb6 13. Be3 c5 14. Bf2 Nc6 15. O-O
cxd4 16. cxd4 Be7 17. Nbc3 a6 18. Na4 Qa7 19. a3 O-O 20. b4 Rac8 21. Nc5 Bxc5
22. bxc5 b6 23. cxb6 Qxb6 24. Rab1 Qa7 25. Rb2 Rb8 26. Rfb1 Rxb2 1/2-1/2

[Event "7. Lovsprings EMT Basis 1 1995"]
[Site "Ringsted"]
[Date "1995.05.19"]
[Round "7"]
[White "Rasmussen, Henning"]
[Black "Larsen, Bjorn"]
[Result "0-1"]
[WhiteElo "1765"]
[BlackElo "1881"]
[PlyCount "116"]
[EventDate "1995.??.??"]

1. e4 c5 2. d4 cxd4 3. c3 dxc3 4. Nxc3 Nc6 5. Nf3 d6 6. Bc4 e6 7. O-O Nf6 8.
Qe2 Be7 9. Rd1 e5 10. h3 O-O 11. Bg5 Be6 12. Rac1 Rc8 13. Bxf6 Bxf6 14. Nd5
Bxd5 15. Bxd5 Qd7 16. Qd2 Rfd8 17. Bb3 h6 18. Ba4 Qe7 19. a3 Bg5 20. Nxg5 hxg5
21. Bxc6 Rxc6 22. Rc3 Rdc8 23. Rdc1 Kh7 24. Qe3 Rc5 25. R1c2 f6 26. Qf3 Kh6 27.
g4 Qe6 28. Qe3 b6 29. b4 Rxc3 30. Rxc3 Kg6 31. Rxc8 Qxc8 32. Qd3 Qc6 33. b5 Qc5
34. Kf1 Kf7 35. Ke2 Ke7 36. Qb3 d5 37. exd5 Kd6 38. Qd3 Qxd5 39. Qb1 Qc4+ 40.
Kd2 Kc5 41. Qg6 Qa2+ 42. Ke1 Kd4 43. f3 Qxa3 44. Qe4+ Kc5 45. Qc6+ Kb4 46. Kf2
Qa5 47. Qd7 Qxb5 48. Qxa7 Qc5+ 49. Kg2 b5 50. Qxg7 Qd6 51. Qh7 Kc3 52. Qb1 Qd2+
53. Kg3 b4 54. Qa1+ Kd3 55. Qb1+ Ke2 56. Qe4+ Kf1 57. Qc4+ Kg1 58. Qc5+ Kh1 0-1

[Event "7. Lovsprings EMT Basis 1 1995"]
[Site "Ringsted"]
[Date "1995.05.19"]
[Round "7"]
[White "Sorensen, Rasmus Moller"]
[Black "Jensen, Karsten"]
[Result "1/2-1/2"]
[WhiteElo "1738"]
[BlackElo "1792"]
[PlyCount "25"]
[EventDate "1995.??.??"]

1. e4 c5 2. Nf3 Nc6 3. Nc3 g6 4. d4 cxd4 5. Nxd4 Bg7 6. Be3 a6 7. Bc4 Na5 8.
Bb3 b5 9. O-O e6 10. f4 Nxb3 11. axb3 Bb7 12. e5 h5 13. Qd3 1/2-1/2